ბათუმის შოთა რუსთაველის სახელმწიფო უნივერსიტეტის ბიბლიოთეკა

ასაწყობი რკინაბეტონის ქარხნების მექანიკური აღჭურვილობა : (ბიბ.ჩანაწერი № 40201)

000 -ლიდერი
ფიქსირებული სიგრძის საკონტროლო ველი 01070nam a2200217Ia 4500
001 - საკონტროლო ნომერი
საკონტროლო ველი 6808
003 - საკონტროლო ნომრის იდენტიფიკატორი
საკონტროლო ველი GE_BSU
005 - ბოლო ოპერაციის თარიღი და დრო
საკონტროლო ველი 20190531215513.0
008 - ფიქსირებული სიგრძის მონაცემთა ელემენტები - ზოგადი ინფორმაცია
ფიქსირებული სიგრძის საკონტროლო ველი 181216s1976||||ge |||||||||||||| ||geo||
040 ## - კატალოგიზაციის წყარო
Transcribing agency GE_BSU
041 ## - ენის კოდი
Language code of text/sound track or separate title geo
080 ## - უნივერსალური ათობითი კლასიფიკაციის ინდექსი
Universal Decimal Classification number 624.012.4 + 666.98 + 691.32 ნ-16
100 ## - მთავარი ჩანაწერი - პიროვნების სახელი
Personal name ნადირაძე, ა.
9 (RLIN) 1944
245 ## - ცნობა სათაურის შესახებ
Title ასაწყობი რკინაბეტონის ქარხნების მექანიკური აღჭურვილობა :
Remainder of title სახელმძღვ. /
Statement of responsibility, etc ა.ნადირაძე ; რედ. ლ. მაღულარია.
264 ## - წარმოების, გამოცემის, დისტრიბუციის და სხვა ცნობები
გამოცემის, წარმოების, დისტრიბუციის... ადგილი თბილისი :
გამოცემის, წარმოების, დისტრიბუციის... სახელწოდება განათლება,
გამოცემის, წარმოების, დისტრიბუციის... თარიღი 1976.
300 ## - ფიზიკური აღწერა
Extent 315 გვ. :
Other physical details ილ. ;
Dimensions 27 სმ.
504 ## - BIBLIOGRAPHY, ETC. NOTE
Bibliography, etc ბიბლიოგრ. : გვ.308.
653 ## - INDEX TERM--UNCONTROLLED
Uncontrolled term ასაწყობი რკინაბეტონის ქარხნების მექანიკური აღჭურვილობა
700 ## - ADDED ENTRY--PERSONAL NAME
Personal name მაღულარია, ლ.
Relator term რედაქტორი
9 (RLIN) 1945
942 ## - ADDED ENTRY ELEMENTS (KOHA)
Koha item type წიგნი
Source of classification or shelving scheme
ეგზემპლარები
ჩამოწერის სტატუსი დაკარგული ეგზემპლარის სტატუსი კლასიფიკაციის წყარო ან თაროზე გაწყობის სქემა დაზიანების სტატუსი არ გაიცემა მუდმივი მდებარეობა (დაცვის ადგილი) ამჟამინდელი ადგილსამყოფელი თაროზე განთავსების ადგილი შეძენის თარიღი ღირებულება, შესყიდვის ნორმალური ფასი სრული შენახვის შიფრი შტრიხკოდი ბოლო ოპერაციის თარიღი ეგზემპლარის მიმდევრობითი ნომერი (კეტერი?) ფასის ძალაში შესვლის თარიღი ეგზემპლარის სახეობა საჯარო შენიშვნა
          ტექნოლოგიური ფაკულტეტის ბიბლიოთეკა ტექნოლოგიური ფაკულტეტის ბიბლიოთეკა წიგნსაცავი 2018-12-17 2.26 624.012.4 + 666.98 + 691.32 ნ-16 12042 2018-12-17 12042 2018-12-17 წიგნი 2.26 ლ.
          ტექნოლოგიური ფაკულტეტის ბიბლიოთეკა ტექნოლოგიური ფაკულტეტის ბიბლიოთეკა წიგნსაცავი 2018-12-17 2.26 624.012.4 + 666.98 + 691.32 ნ-16 12043 2018-12-17 12043 2018-12-17 წიგნი 2.26 ლ.
          ტექნოლოგიური ფაკულტეტის ბიბლიოთეკა ტექნოლოგიური ფაკულტეტის ბიბლიოთეკა წიგნსაცავი 2018-12-17 2.26 624.012.4 + 666.98 + 691.32 ნ-16 12044 2018-12-17 12044 2018-12-17 წიგნი 2.26 ლ.